Регионална библиотека "Любен Каравелов" - Русе

Ел Енканто (Запис номер 204327)

MARC детайли
000 -Лидер
Контролно поле с фиксирана дължина 01399nam a2200349 c 4500
003 - Код на организацията, давaща контролен номер
Контролно поле BLK
005 - Дата и час на последна редакция
Контролно поле 20240720095650.0
008 - Елементи от данни с фиксирана дължина
fixed length control field 180411b bul|||||r ||||||| ||bul||
010 ## - Наследен системен номер
LC control number KNG00213885000
020 ## - Международен стандартен номер на книга ISBN
Международен стандартен номер на книга ISBN 978-954-26-1726-6
-- издат.: Хермес
040 ## - Източник на каталожния запис
Идентификатор на билиотеката - собственик на записа BLK
041 ## - Код за език
Код за езика на текст/звукозапис или на отделно заглавие Български
Код за езика КДБФ Български
072 #7 - Код за тематичната категория
Код организация bullib
Код за тематична категория Н83
Текст Чужда художествена литература Н
080 ## - УДК
Текстов определител УДК Испанска литература
УДК код - определител по УДК 821.134.2
УДК определител -31
УДК - код + определител 821.134.2-31
100 1# - Редна дума - Автор
Автор Лопес Рубио, Сусана
Авторска отговорност първи автор
R(LIN) 350347
139 ## - Редно поле
Редна дума Лопес Рубио, Сусана
Авторски знак Лон - Л 82
245 10 - Сведения за заглавието
Заглавие Ел Енканто
Подзаглавни данни Роман
Редно поле (дума) Сусана Лопес Рубио; прев. от исп. Мариана Георгиева Китипова.
257 ## - Страна на издаване
Страна на създаване/издаване Испания
260 ## - Област на издателските данни
-- Пловдив
Име на издателя, разпространителя и проч. Хермес
Година на издаване 2017
Печатница София : Алианс принт
300 ## - Физическа характеристика
Страници 304 с.
Размери/Мащаб 21 см
380 ## - Жанр
Жанр Худож. лит.
500 ## - Общи забележки
Забележка Ориг. загл. El Encanto / Susana Lopez Rubio.
653 ## - Ключова дума – ненормативна
Ключова дума романи
659 ## - Тематичен бюлетин
Тематичен бюлетин Н
700 1# - Други автори (авторска отговорност)
Лично име Китипова, Мариана Георгиева
Автороска отговорност (Описва отношението между автора и произведението) прев. от исп.
9 (RLIN) 367953
852 ## - Местоположение
Форматна сигнатура Цб 287925
856 4# - Електронен адрес и достъп
Електронен формат pdf - файл
Път до файла /url/
856 4# - Електронен адрес и достъп
Електронен формат pdf - файл
Път до файла /url/
942 ## - АРТИКУЛИ
Вид на библиотечния материал Книги
Скрит в OPAC Не
Koha issues (borrowed), all copies 10
944 ## - СЪЗДАВАНЕ И РЕДАКЦИЯ на ЗАПИСА
Създаване/Редакция Създаване
Дата на регистрацията/редакция 30.10.2017
Статус, дата на статуса Виолета Тройчева
Служител, извършил регистрацията/редакцията 30552
944 ## - СЪЗДАВАНЕ И РЕДАКЦИЯ на ЗАПИСА
Създаване/Редакция Редакция
Дата на регистрацията/редакция 07.11.2017
Статус, дата на статуса ф /
Служител, извършил регистрацията/редакцията Людмила_Стоянова
999 ## - СИСТЕМНИ КОНТРОЛНИ НОМЕРА
Koha biblionumber 204327
Koha biblioitemnumber 204327
Наличности
Код за отписване Код за изгубен артикул Източник на класификационната схема Код за повреда Коз за рестрикции Код за отдаване Артикулен № Име на библиотеката - собственик Име на библиотеката, в която се намира в момента Статус (Текущо местоположение) Дата на вписване в системата Местоположение - отдел Цена в лева Инвентарен номер Систематично азбучна сигнатура Баркод Номер на екземпляра Цена в евро Служебна бележка Служебен тип на артикула
  Не е изгубен Universal Decimal Classification Не е повреден без рестрикции заемане за дома 352359 Регионална библиотека "Любен Каравелов" Русе Регионална библиотека "Любен Каравелов" Русе Заемна - подръчен фонд 2017-10-30 Заемна - подръчен фонд 11.96 120000816587 П 860-31/Л 82 120000816587 1 6.12 Дост: Pk Вид: Ф N: 890 Дата: 26.10.2017 Дата инв: 27.02.2018 Бележки инв: П2018 Книги
  Не е изгубен Universal Decimal Classification Не е повреден само за читалня ползва се в читалня 679063 Регионална библиотека "Любен Каравелов" Русе Регионална библиотека "Любен Каравелов" Русе Хранилище 2018-08-21 Хранилище 15.95 120000822207 Цб 289701 120000822207   8.16   Книги
Vip Innovations Ltd, Rousse, Bulgaria 2025